| 000 | 00497cam a2200145I 4500 | ||
|---|---|---|---|
| 082 |
_a330.0954 _bANS |
||
| 100 | 1 |
_aAnstey, Vera, _949217 |
|
| 245 | 1 | 4 |
_aThe economic development of India, _cby Vera Anstey. |
| 260 |
_aLondon, _aNew York [etc.] _bLongmans, Green and co., _c1929. |
||
| 300 |
_ax, [2], 581 p. incl. tables, diagrs. _bfold. front., maps (1 fold.) _c23 cm. |
||
| 526 |
_a0 _b0 _c0 _d330_095400000000000_ANS |
||
| 650 | 0 |
_aIndustries _zIndia. _949218 |
|
| 650 | 0 |
_aMCE _9379 |
|
| 942 |
_2ddc _cBK |
||
| 999 |
_c552029 _d552029 |
||